| 000 | 02420nam a22003257a 4500 | ||
|---|---|---|---|
| 005 | 2012062909199.0 | ||
| 010 | _aB-458189-193 B-462484-488 | ||
| 020 |
_a9789380902333 _c975.00 |
||
| 035 | _aB-458189-193 B-462484-488 | ||
| 037 |
_adpl _bK K Pub/ VEN |
||
| 082 | _a921 | ||
| 100 |
_aGopichan, P. _950123 |
||
| 245 |
_aRabindranath Tagore; _ba retrospection/ _cby P. Gopichand and P. Nagasuseela |
||
| 260 |
_aJaipur _bAadi Publication |
||
| 300 |
_a309pg. _c21cm |
||
| 710 |
_aP. Nagasuseela _949702 |
||
| 942 |
_2ddc _h921 _cEN _mGOP |
||
| 999 |
_c68267 _d68267 |
||